000
00228nam a22001217a 4500
082
_a
080
_b
BHA/I
100
_a
BHAGAT,CHETAN
245
_a
INDIA POSITIVE
260
_b
WESTLAND
300
_a
216
650
_a
ESSAYS
942
_c
BK
999
_c
3643
_d
3643